Footballers Who Have Won The World Cup, Champions League & Ballon d'Or - Statistics

General Stats
  • This quiz has been taken 214 times
  • The average score is 7 of 9
Answer Stats
Country, & Best Club Name % Correct
Argentina, Barcelona Lionel Messi
98%
France, Real Madrid Zinedine Zidane
91%
Brazil, Barcelona Ronaldinho
88%
Germany, Bayern Munich Gerd Muller
84%
Brazil, AC Milan Kaka
84%
Germany, Bayern Munich Franz Beckenbauer
75%
Brazil, Barcelona Rivaldo
72%
England, Man Utd Sir Bobby Charlton
71%
Italy, Juventus Paolo Rossi
36%
No matching quizzes found
Score Distribution
Percent of People with Each Score
Percentile by Number Answered
Your Score History
You have not taken this quiz